000 00921nam a2200229Ii 4500
003 JO-AjNU
008 230605s9999||||xx |||||||||||||| ||und||
017 _a2010/6/2791
020 _a978-9957-07-697-9
040 _aJO-AjNU
_bara
_erda
_cJO-AjNU
041 _aara
050 1 4 _aDT194.R3522 2013
100 3 _aرمضان، عبد المحسن طه,
_eauthor
_960160
245 0 0 _aتاريخ المغرب وألأندلس من الفتح حتى سقوط غرناطة
250 _aط2
264 3 1 _aعمان: دار الفكر ناشرون وموزعون، 2013
300 _a596ص
_bيحتوي على صور توضيحية ويحتوي على ملاحق من ص463-590ص ويحتوي على مراجع
336 _atext
_btxt
_2rdacontent
337 _aunmediated
_bn
_2rdamedia
338 _avolume
_bnc
_2rdacarrier
650 4 _aتاريخ- المغرب- الاندلس- التاريخ الاسلامي
_960161
999 _aA27113
_c30681
_d30681